Open Data Biblioteca Nacional de Portugal


República Portuguesa: Ministério da Cultura
Biblioteca Nacional de Portugal

Catálogo da BNP: acesso por Identificadores Unívocos
Registos Bibliográficos associados ao registo de autoridade

Etiqueta de registo: 00000nam 2200025 450
001 2038732
003 http://id.bnportugal.gov.pt/bib/catbnp/2038732
010 ## $a978-989-99016-7-4
021 ## $aPT$b464081/19
100 ## $a20200122d2019 c d0pory01030103ba
101 0# $apor
102 ## $aPT
105 ## $aa z 000fy
106 ## $ar
200 1# $aEstes é que são os contos, estes contos é que são!$fadapt. Rosa Gonçalves$gil. Nuno Fragoso, Mariana Perez, Cláudia Ricardo
210 #9 $aPenamacor$cCâmara Municipal de Penamacor,$dimp. 2019
215 ## $a[51] p.$cil.$d22 cm
327 1# $aContém: O pinto Pelanudo ; A Gata Borralheira ; As três laranjinhas
675 ## $a087.5$vBN$zpor$3287999
675 ## $a821.134.3-93"20"$vBN$zpor$31046482
675 ## $a821.134.3-34"20"$vBN$zpor$31018838
702 #1 $aGonçalves,$bRosa$4010$31775194
702 #1 $aFragoso,$bNuno$4440$31775195
702 #1 $aPerez,$bMariana$4440$31775196
702 #1 $aRicardo,$bCláudia$4440$31718868
801 #0 $aPT$bBN$gRPC
856 41 $uhttp://rnod.bnportugal.gov.pt/ImagesBN/winlibimg.aspx?skey=&doc=2038732&img=135562&save=true
900 ## $aBIBNAC$d20200214
966 ## $lBN$mFGMON$sP. 55134 V.$x1
966 ## $lBN$mFGMON$sP. 55134 V.-D$x1

Etiqueta de registo: 00000nkm 2200025 450
001 2259776
003 http://id.bnportugal.gov.pt/bib/catbnp/2259776
100 ## $a20260203d1991 m y0pory01030103ba
101 0# $apor
102 ## $aPT
200 1# $aIII Certame Internacional de Tunas Universitárias, Tivoli, 14 dez.$bVisual gráfico]$gdesign Nuno Fragoso
210 #9 $a[S.l.$cs.n.]$d1991
215 ## $a1 cartaz$ccolor.$d59,7x41,9 cm
317 ## $aColeção Madeira Luís
675 ## $a766(=1:469)"199"(084.5)$vBN$zpor$3589138
702 #1 $aFragoso,$bNuno$4410$31775195
710 02 $9Certame Internacional de Tunas Universitárias$a3$eLisboa$f1991$31993984
801 #0 $aPT$bBN$gRPC
966 ## $lBN$mICONOG$sCT. 19349 A.$x3
971 ## $cCaticonografia3$d20260203
995 ## $aPRR2026 $d20260203$iCaticonografia3

Etiqueta de registo: 00000nkm 2200025 450
001 2260321
003 http://id.bnportugal.gov.pt/bib/catbnp/2260321
100 ## $a20260204d1990 m y0pory01030103ba
101 0# $apor
102 ## $aPT
200 1# $aFesta UI 90, 2.º aniversário da tuna da Universidade internacional, dias 14 e 15 de dezembro 90$bVisual gráfico]$fUniversidade Internacional$gconceção Nuno Fragoso
210 #9 $aLisboa$cUniversidade Internacional,$d1990
215 ## $a1 cartaz$ccolor.$d60x41 cm
317 ## $aColeção Madeira Luís
675 ## $a766(=1:469)"1990"(084.5)$vBN$zpor$31974866
702 #1 $aFragoso,$bNuno$4410$31775195
710 02 $aUniversidade Internacional$320726
801 #0 $aPT$bBN$gRPC
966 ## $lBN$mICONOG$sCT. 19402 A.$x3
971 ## $cCaticonografia6$d20260204
995 ## $aPRR2026 $d20260204$iCaticonografia6

Etiqueta de registo: 00000nkm 2200025 450
001 2259785
003 http://id.bnportugal.gov.pt/bib/catbnp/2259785
100 ## $a20260203d1991 m y0pory01030103ba
101 0# $apor
102 ## $aPT
200 1# $aIII Certame internacional Tunas Universitárias, Lisboa 91, 3º aniversário da Tuna da Universidade Internacional$bVisual gráfico]$fTuna da Universidade Internacional$gdesign Nuno Fragoso
210 #9 $aLisboa$cTuna da Universidade Internacional,$d1991
215 ## $a1 cartaz$ccolor.$d59,7x41,9 cm
317 ## $aColeção Madeira Luís
675 ## $a766(=1:469)"199"(084.5)$vBN$zpor$3589138
702 #1 $aFragoso,$bNuno$4410$31775195
710 02 $aCertame Internacional Tunas Universitárias$b3$e Lisboa$f1991$31993742
712 02 $aTuna da Universidade Internacional$31983181
801 #0 $aPT$bBN$gRPC
966 ## $lBN$mICONOG$sCT. 19350 A.$x3
971 ## $cCaticonografia3$d20260203
995 ## $aPRR2026 $d20260203$iCaticonografia3

OpendataBNP@bnportugal.pt | Mais informação sobre acesso aos dados BNP